000 00496nam a2200133 4500
999 _c14143
_d14143
008 190817b ||||| |||| 00| 0 eng d
082 _aDPer 050 T48 Apr-June 2016 v. 187 n. 12-24
100 _aSchrobsdorff, Susana.
_939249
245 _aThe woman card has many benefits. Here's one Donald Trump might not imagine/
_cSusana Schrobsdorff.
260 _aHong Kong:
_bTime Asia,
_cc2016.
300 _av187 n18, page 51:
_billustrations;
_c27 cm.
650 _aPolitics.
_939250
942 _2ddc
_cPER